| 000 | 00510nmm a2200157Ia 4500 | ||
|---|---|---|---|
| 008 | 251105s9999||||xx |||||||||||||||||und|| | ||
| 041 | _aspa | ||
| 100 | _aCruz Lablanca, Ignacio de la | ||
| 245 | 0 | _aComunicación efectiva y trabajo en equipo | |
| 264 |
_a[Madrid, España] : _bMinisterio de Educación, Cultura y Deporte de España, _c2014 |
||
| 300 | _a135 páginas | ||
| 490 | _aAula Mentor | ||
| 650 | _aEconomics and Business | ||
| 856 | _uhttps://public.digitaliapublishing.com/a/30257 | ||
| 942 | _cCF | ||
| 999 |
_c98441 _d98441 |
||